|
|
|
|
| LEADER |
00599nam a22001817a 4500 |
| 005 |
20151026130310.0 |
| 008 |
091014t xxu||||| |||| 00| 0 eng d |
| 020 |
|
|
|a 81-7022-970-7
|
| 080 |
|
|
|a 025.49C
|b SAT
|
| 100 |
|
|
|a Satija, M.P.
|9 6684
|
| 245 |
|
|
|a Manual of practical colon classification
|
| 250 |
|
|
|a 4th rev.ed.
|
| 260 |
|
|
|a New Delhi
|b Concept publishing
|c 2002
|9 6685
|
| 300 |
|
|
|a 219p.
|
| 653 |
|
|
|a Library classification
|a Colon classification
|
| 942 |
|
|
|c BK
|6 _
|
| 999 |
|
|
|c 2846
|d 2846
|
| 952 |
|
|
|0 0
|1 0
|2 udc
|4 0
|6 02549C_SAT
|7 0
|9 12791
|a UL
|b UL
|d 2009-10-14
|o 025.49C SAT
|p 00049328
|r 2009-10-14
|w 2009-10-14
|y BK
|